[Event "GBR-ch72"]
[Site "Edinburgh"]
[Date "1985.07.30"]
[Round "2.12"]
[White "Lawton, Geoffrey W"]
[Black "Condie, Mark L"]
[Result "0-1"]
[WhiteElo "2360"]
[BlackElo "2405"]
[PlyCount "116"]
[EventDate "1985.07.29"]
[EventType "swiss"]
[EventRounds "11"]
[EventCountry "GBR"]
[SourceTitle "BritBase"]
[Source "John Saunders"]
[SourceDate "2020.09.07"]
[SourceVersion "1"]
[SourceVersionDate "2020.09.07"]
[SourceQuality "2"]

1. e4 e5 2. Nf3 Nf6 3. Nxe5 d6 4. Nf3 Nxe4 5. d4 d5 6. Bd3 Be7 7. O-O Nc6 8. c4
Bg4 9. Re1 Nf6 10. Nc3 Bxf3 11. Qxf3 Nxd4 12. Qg3 dxc4 13. Bxc4 O-O 14. Bg5 Bd6
15. Qh3 Qd7 16. Qh4 Nf5 17. Qh3 Nd4 18. Qxd7 Nxd7 19. Rad1 Nc6 20. Nb5 Nb6 21.
Nxd6 cxd6 22. Bb3 Rfe8 23. Kf1 Rxe1+ 24. Kxe1 Re8+ 25. Kf1 Nc8 26. Rd3 Kf8 27.
Rc3 N8e7 28. Bd1 h6 29. Bf4 Rd8 30. Rb3 Rd7 31. Rd3 d5 32. Bg4 f5 33. Bd1 Ng6
34. Bc1 Nge5 35. Rh3 Nb4 36. Bd2 Nbc6 37. Rh5 Rf7 38. Bc2 Nd4 39. Bb1 Ke7 40.
Bc3 Nec6 41. Bd3 Kd6 42. f4 Kc5 43. Kf2 Nb5 44. Rxf5 Rxf5 45. Bxf5 Nxc3 46.
bxc3 Kc4 47. Be6 Ne7 48. g4 Kxc3 49. Ke3 b5 50. h4 a5 51. g5 d4+ 52. Ke4 d3 53.
f5 hxg5 54. hxg5 d2 55. Bb3 a4 56. Bd1 Kb2 57. f6 gxf6 58. gxf6 Ng6 {(Some
ambiguities in the score)} 0-1

[Event "GBR-ch72"]
[Site "Edinburgh"]
[Date "1985.07.30"]
[Round "2.13"]
[White "Basman, Michael John"]
[Black "Small, Simon"]
[Result "1-0"]
[WhiteElo "2400"]
[BlackElo "2152"]
[PlyCount "65"]
[EventDate "1985.07.29"]
[EventType "swiss"]
[EventRounds "11"]
[EventCountry "GBR"]
[SourceTitle "BritBase"]
[Source "John Saunders"]
[SourceDate "2020.09.07"]
[SourceVersion "1"]
[SourceVersionDate "2020.09.07"]
[SourceQuality "2"]

1. e4 c5 2. Be2 Nc6 3. Nf3 d6 4. c3 Nf6 5. d4 e6 6. Nbd2 Be7 7. O-O O-O 8. Bd3
Qc7 9. a3 a6 10. b4 b5 11. Re1 e5 12. d5 Nb8 13. c4 Nbd7 14. Bb2 Rb8 15. Rc1
Qb6 16. Qe2 Nh5 17. g3 g6 18. Bc3 Ng7 19. Rb1 f5 20. exf5 gxf5 21. cxb5 axb5
22. bxc5 Nxc5 23. Bxb5 Qa7 24. Nc4 Ne4 25. Ba5 Kh8 26. a4 Qc5 27. Red1 Ne8 28.
Bb4 Qa7 29. Nfxe5 dxe5 30. d6 N4xd6 31. Nxd6 Be6 32. Ne4 Bxb4 33. Ng5 1-0

[Event "GBR-ch72"]
[Site "Edinburgh"]
[Date "1985.07.30"]
[Round "2.14"]
[White "Ivell, Nicholas W"]
[Black "Buckmire, Ron"]
[Result "1-0"]
[WhiteElo "2350"]
[BlackElo "2200"]
[PlyCount "74"]
[EventDate "1985.07.29"]
[EventType "swiss"]
[EventRounds "11"]
[EventCountry "GBR"]
[SourceTitle "BritBase"]
[Source "John Saunders"]
[SourceDate "2020.09.07"]
[SourceVersion "1"]
[SourceVersionDate "2020.09.07"]
[SourceQuality "2"]

1. e4 c5 2. Nc3 d6 3. f4 a6 4. Nf3 Nc6 5. g3 g6 6. Bg2 Bg7 7. O-O b5 8. a3 Rb8
9. d3 Nf6 10. h3 O-O 11. g4 a5 12. f5 Ne8 13. Ne2 b4 14. axb4 axb4 15. Qe1 Ne5
16. Nxe5 Bxe5 17. Kh1 Bd7 18. Ng1 e6 19. Nf3 Bg7 20. fxg6 fxg6 21. e5 d5 22.
Ra7 Qc8 23. Qh4 Rf7 24. Ng5 Rxf1+ 25. Bxf1 h6 26. Nf3 Rb7 27. Rxb7 Qxb7 28.
Bxh6 d4 29. Bg2 Bc6 30. Bxg7 Qxg7 31. Ng5 Bxg2+ 32. Kxg2 Qe7 33. Qh6 Qg7 34.
Qxg7+ Nxg7 35. Ne4 Ne8 36. Nxc5 Nc7 37. Nb3 Nb5 1-0

[Event "GBR-ch72"]
[Site "Edinburgh"]
[Date "1985.07.30"]
[Round "2.15"]
[White "Bryson, Douglas"]
[Black "Thipsay, Praveen Mahadeo"]
[Result "1-0"]
[WhiteElo "2275"]
[BlackElo "2495"]
[PlyCount "37"]
[EventDate "1985.07.29"]
[EventType "swiss"]
[EventRounds "11"]
[EventCountry "GBR"]
[SourceTitle "BritBase"]
[Source "John Saunders"]
[SourceDate "2020.09.07"]
[SourceVersion "1"]
[SourceVersionDate "2020.09.07"]
[SourceQuality "2"]

1. e4 e5 2. Nf3 Nc6 3. d4 exd4 4. c3 dxc3 5. Bc4 d6 6. Nxc3 Be7 7. Qb3 Na5 8.
Bxf7+ Kf8 9. Qa4 Kxf7 10. Qxa5 c6 11. Qxd8 Bxd8 12. Bf4 Ke7 13. O-O-O Bc7 14.
e5 d5 15. Rxd5 cxd5 16. Nxd5+ Kd7 17. e6+ Kxe6 18. Nxc7+ Kf5 19. Be5 1-0

[Event "GBR-ch72"]
[Site "Edinburgh"]
[Date "1985.07.30"]
[Round "2.16"]
[White "Gallagher, Joseph G"]
[Black "Hartston, William Roland"]
[Result "1/2-1/2"]
[WhiteElo "2310"]
[BlackElo "2430"]
[PlyCount "41"]
[EventDate "1985.07.29"]
[EventType "swiss"]
[EventRounds "11"]
[EventCountry "GBR"]
[SourceTitle "BritBase"]
[Source "John Saunders"]
[SourceDate "2020.09.07"]
[SourceVersion "1"]
[SourceVersionDate "2020.09.07"]
[SourceQuality "2"]

1. d4 Nf6 2. Bg5 d5 3. Bxf6 exf6 4. e3 c6 5. Nd2 Bd6 6. Bd3 Nd7 7. Qf3 Nf8 8.
Ne2 Ne6 9. Ng3 g6 10. c4 dxc4 11. Bxc4 f5 12. O-O-O Qc7 13. e4 O-O 14. Nxf5
gxf5 15. exf5 Nxd4 16. Qg4+ Kh8 17. Qxd4+ Be5 18. Qc5 Bd6 19. Qd4+ Be5 20. Qc5
Bd6 21. Qd4+ 1/2-1/2

[Event "GBR-ch72"]
[Site "Edinburgh"]
[Date "1985.07.30"]
[Round "2.17"]
[White "McDonald, Neil R"]
[Black "Cummings, David H"]
[Result "1/2-1/2"]
[WhiteElo "2216"]
[BlackElo "2415"]
[PlyCount "40"]
[EventDate "1985.07.29"]
[EventType "swiss"]
[EventRounds "11"]
[EventCountry "GBR"]
[SourceTitle "BritBase"]
[Source "John Saunders"]
[SourceDate "2020.09.07"]
[SourceVersion "1"]
[SourceVersionDate "2020.09.07"]
[SourceQuality "2"]

1. Nf3 Nf6 2. g3 d5 3. Bg2 c6 4. O-O Bg4 5. d3 Nbd7 6. c4 e6 7. Nc3 Bd6 8. Rb1
O-O 9. b4 a6 10. h3 Bxf3 11. exf3 Qe7 12. a3 a5 13. Qb3 axb4 14. axb4 Rfb8 15.
f4 g6 16. b5 Ba3 17. Be3 Qd6 18. Na4 cxb5 19. Qxb5 d4 20. Bd2 Nc5 1/2-1/2

[Event "GBR-ch72"]
[Site "Edinburgh"]
[Date "1985.07.30"]
[Round "2.18"]
[White "Martin, Andrew D"]
[Black "Branford, John W"]
[Result "1-0"]
[WhiteElo "2410"]
[BlackElo "2255"]
[PlyCount "73"]
[EventDate "1985.07.29"]
[EventType "swiss"]
[EventRounds "11"]
[EventCountry "GBR"]
[SourceTitle "BritBase"]
[Source "John Saunders"]
[SourceDate "2020.09.07"]
[SourceVersion "1"]
[SourceVersionDate "2020.09.07"]
[SourceQuality "2"]

1. d4 Nf6 2. c4 e6 3. Nc3 Bb4 4. e3 b6 5. Nge2 Ba6 6. Ng3 Bxc3+ 7. bxc3 d5 8.
Ba3 dxc4 9. Be2 Qd7 10. e4 Nc6 11. O-O O-O-O 12. Qc2 h5 13. Rfd1 Nb8 14. Bc1
Qc6 15. f3 h4 16. Nf1 Rdg8 17. d5 exd5 18. exd5 Qd7 19. Ne3 h3 20. g3 Re8 21.
Bf1 Qd6 22. Nf5 Qc5+ 23. Qf2 Qxf2+ 24. Kxf2 g6 25. Ne3 Rd8 26. a4 c6 27. d6 Ne8
28. Nxc4 Bxc4 29. Bxc4 Nxd6 30. Bd3 f5 31. a5 Rhe8 32. axb6 axb6 33. Bf4 Nb5
34. Bxb5 cxb5 35. Rxd8+ Rxd8 36. Ra7 Rd3 37. Ra8 1-0

[Event "GBR-ch72"]
[Site "Edinburgh"]
[Date "1985.07.30"]
[Round "2.19"]
[White "Barua, Dibyendu"]
[Black "Orr, Mark JL"]
[Result "1-0"]
[WhiteElo "2410"]
[BlackElo "2340"]
[PlyCount "124"]
[EventDate "1985.07.29"]
[EventType "swiss"]
[EventRounds "11"]
[EventCountry "GBR"]
[SourceTitle "BritBase"]
[Source "John Saunders"]
[SourceDate "2020.09.07"]
[SourceVersion "1"]
[SourceVersionDate "2020.09.07"]
[SourceQuality "2"]

1. e4 c6 2. d4 d5 3. exd5 cxd5 4. Bd3 Nc6 5. c3 Nf6 6. Nf3 Bg4 7. O-O e6 8. Bf4
Bd6 9. Bg3 O-O 10. Nbd2 Bh5 11. Re1 Bxg3 12. hxg3 Qc7 13. Rc1 Rac8 14. Qa4 a6
15. Ne5 Nd7 16. Qc2 Ndxe5 17. dxe5 Bg6 18. Nf3 b5 19. Qe2 Na5 20. Bxg6 fxg6 21.
Nd4 Rfe8 22. a4 bxa4 23. Qxa6 Ra8 24. Qd6 Qc8 25. Ra1 Nc4 26. Qb4 Rb8 27. Qxa4
Rxb2 28. Ra2 Rb6 29. Qa7 Qb8 30. Qa4 Kf8 31. Nf3 Qc7 32. Qa7 Qxa7 33. Rxa7 Reb8
34. Nd4 Kg8 35. Kh2 R6b7 36. Rxb7 Rxb7 37. Nxe6 Re7 38. Nf4 Rxe5 39. Rxe5 Nxe5
40. Nxd5 Kf7 41. Ne3 Ke6 42. Kg1 Nd7 43. Kf1 Nc5 44. Ke2 Ne4 45. Nd1 Kd5 46.
Ke3 Nc5 47. Nb2 Nd7 48. c4+ Kc5 49. Kd3 Nf6 50. Na4+ Kb4 51. Nc3 Ng4 52. Kd4
Nxf2 53. c5 Ka5 54. Kd5 Nd3 55. Kd6 Nb4 56. Nd5 Na6 57. c6 g5 58. Nc7 Nb4 59.
Ne6 Nxc6 60. Kxc6 Kb4 61. Kd5 Kc3 62. Ke4 Kd2 1-0

[Event "GBR-ch72"]
[Site "Edinburgh"]
[Date "1985.07.30"]
[Round "2.20"]
[White "Thomson, Craig"]
[Black "Prasad, Devaki V"]
[Result "1-0"]
[WhiteElo "2260"]
[BlackElo "2375"]
[PlyCount "65"]
[EventDate "1985.07.29"]
[EventType "swiss"]
[EventRounds "11"]
[EventCountry "GBR"]
[SourceTitle "BritBase"]
[Source "John Saunders"]
[SourceDate "2020.09.07"]
[SourceVersion "1"]
[SourceVersionDate "2020.09.07"]
[SourceQuality "2"]

1. d4 Nf6 2. Nf3 g6 3. Bg5 Bg7 4. Nbd2 d5 5. e3 O-O 6. Bd3 c5 7. c3 Qb6 8. Rb1
Nc6 9. O-O Re8 10. Re1 e5 11. Bxf6 Bxf6 12. e4 exd4 13. exd5 Rxe1+ 14. Qxe1 Ne7
15. c4 Bd7 16. Ne4 Bg7 17. b4 cxb4 18. Rxb4 Qd8 19. Rxb7 Bc8 20. Rb3 Nf5 21.
Ng3 Nxg3 22. hxg3 Ba6 23. Ra3 Bb7 24. Rb3 Qd7 25. Qb4 Ba6 26. Qa5 Qc8 27. d6
Bb7 28. Qc7 Bxf3 29. gxf3 Bf8 30. c5 Qxc7 31. dxc7 Rc8 32. Rb7 Kg7 33. Bb5 1-0

[Event "GBR-ch72"]
[Site "Edinburgh"]
[Date "1985.07.30"]
[Round "2.21"]
[White "Levitt, Jonathan"]
[Black "Evans, Raymond G"]
[Result "1/2-1/2"]
[WhiteElo "2375"]
[BlackElo "2128"]
[PlyCount "110"]
[EventDate "1985.07.29"]
[EventType "swiss"]
[EventRounds "11"]
[EventCountry "GBR"]
[SourceTitle "BritBase"]
[Source "John Saunders"]
[SourceDate "2020.09.07"]
[SourceVersion "1"]
[SourceVersionDate "2020.09.07"]
[SourceQuality "2"]

1. d4 Nf6 2. c4 c5 3. d5 e6 4. Nc3 exd5 5. cxd5 d6 6. Nf3 g6 7. Nd2 Bg7 8. Nc4
O-O 9. Bf4 Ne8 10. Qd2 Bxc3 11. Qxc3 b5 12. Nd2 b4 13. Qc2 Nd7 14. Nc4 Nb6 15.
Nxb6 axb6 16. g3 Nc7 17. Bg2 Bb7 18. Qd2 Qe7 19. O-O Rfe8 20. e4 f6 21. g4 Nb5
22. Rfe1 Qd7 23. g5 fxg5 24. Bxg5 Qf7 25. Be3 Bc8 26. f4 Bd7 27. Kh1 Qf6 28.
Rf1 Qh4 29. Rg1 Bh3 30. Bf3 Nd4 31. Bxd4 cxd4 32. Rg3 b3 33. Qxd4 bxa2 34. b4
Bd7 35. Qd2 Qf6 36. e5 dxe5 37. fxe5 Qxe5 38. Rxa2 Qe1+ 39. Rg1 Qxd2 40. Rxd2
Ra3 41. Bg4 Rd8 42. Bxd7 Rxd7 43. Rc1 Rb3 44. Rd4 Rb2 45. d6 Kf7 46. Rc6 b5 47.
Rc8 Rf2 48. Rc5 Ke6 49. Rxb5 Rxd6 50. Rxd6+ Kxd6 51. Rb7 Rb2 52. h3 h5 53. Rb6+
Ke7 54. Rxg6 Rxb4 55. Rg5 h4 1/2-1/2

[Event "GBR-ch72"]
[Site "Edinburgh"]
[Date "1985.07.30"]
[Round "2.22"]
[White "Singh, Sukh Dave"]
[Black "Horner, Jeff"]
[Result "0-1"]
[WhiteElo "2080"]
[BlackElo "2375"]
[PlyCount "81"]
[EventDate "1985.07.29"]
[EventType "swiss"]
[EventRounds "11"]
[EventCountry "GBR"]
[SourceTitle "BritBase"]
[Source "John Saunders"]
[SourceDate "2020.09.07"]
[SourceVersion "1"]
[SourceVersionDate "2020.09.07"]
[SourceQuality "2"]

1. e4 e5 2. Nf3 Nc6 3. d4 exd4 4. Nxd4 Bc5 5. Nb3 Bb6 6. Nc3 Nge7 7. Bg5 f6 8.
Bh4 O-O 9. Qd2 d6 10. O-O-O a5 11. Bb5 Be6 12. f4 a4 13. Bxa4 Qb8 14. h3 Qa7
15. Rhe1 Na5 16. Nxa5 Bxa5 17. Bb3 Bxb3 18. cxb3 Bxc3 19. bxc3 Ng6 20. Bg3 Qxa2
21. Qb2 Qa5 22. h4 Rfe8 23. Kc2 Rxe4 24. Ra1 Qf5 25. Rxa8+ Re8+ 26. Kc1 Rxa8
27. Qb1 Qa5 28. Qc2 Qc5 29. Qb2 b5 30. Bf2 Qd5 31. g3 Nf8 32. Rd1 Qf3 33. Re1
h5 34. Re3 Qd5 35. Re2 Nd7 36. Rd2 Qh1+ 37. Rd1 Qf3 38. b4 f5 39. Bd4 c5 40.
Bf2 Nb6 41. Kb1 0-1

[Event "GBR-ch72"]
[Site "Edinburgh"]
[Date "1985.07.30"]
[Round "2.23"]
[White "Motwani, Paul"]
[Black "Lalic, Susan Kathryn"]
[Result "1-0"]
[WhiteElo "2365"]
[BlackElo "2050"]
[PlyCount "37"]
[EventDate "1985.07.29"]
[EventType "swiss"]
[EventRounds "11"]
[EventCountry "GBR"]
[SourceTitle "BritBase"]
[Source "John Saunders"]
[SourceDate "2024.03.28"]
[SourceVersion "1"]
[SourceVersionDate "2024.03.28"]
[SourceQuality "1"]

1. e4 e6 2. d4 d5 3. Nc3 Bb4 4. e5 Ne7 5. Nf3 c5 6. a3 Bxc3+ 7. bxc3 Qa5 8. Qd2
Nbc6 9. a4 O-O 10. Ba3 b6 11. Bd3 Re8 12. O-O cxd4 13. Nxd4 b5 14. axb5 Nxd4
15. Bxe7 Qb6 {The remaining moves given in the bulletin are badly garbled,
thus: 16 Bf3 Nf3 17 gf Nf5 18 Bf5 Kh8 19 Qh6 1-0. They have been interpreted
in two ways:} 16. Bf6 gxf6 (16... Nf5 17. Bxf5 Kh8 18. Qh6 {1-0 is given as
the score in BCM, October 1985, p436}) 17. exf6 Nf5 18. Bxf5 Kh8 19. Qh6 {
Source: bulletin as interpreted by ChessBase Mega Database 2020 (this version
seems closer to the spirit of the bulletin - JS)} 1-0

[Event "GBR-ch72"]
[Site "Edinburgh"]
[Date "1985.07.30"]
[Round "2.24"]
[White "Abayasekera, Roger"]
[Black "Adams, Michael"]
[Result "1-0"]
[WhiteElo "2200"]
[BlackElo "2360"]
[PlyCount "139"]
[EventDate "1985.07.29"]
[EventType "swiss"]
[EventRounds "11"]
[EventCountry "GBR"]
[SourceTitle "BritBase"]
[Source "John Saunders"]
[SourceDate "2020.09.07"]
[SourceVersion "1"]
[SourceVersionDate "2020.09.07"]
[SourceQuality "2"]

1. e4 c6 2. d4 d5 3. exd5 cxd5 4. c4 Nf6 5. Nc3 Nc6 6. Bg5 Qa5 7. Bxf6 exf6 8.
cxd5 Bb4 9. Qd2 Bxc3 10. bxc3 Qxd5 11. Ne2 O-O 12. Nf4 Qa5 13. Bd3 Re8+ 14. Ne2
Bg4 15. f3 Bf5 16. O-O Rad8 17. Bxf5 Qxf5 18. Ng3 Qa5 19. Rfe1 Rxe1+ 20. Rxe1
h5 21. Nf1 g6 22. Rb1 b6 23. Qc2 Rc8 24. Qb3 Qf5 25. Ne3 Qg5 26. Nc4 Qf4 27.
Re1 Qc7 28. d5 Nb8 29. Nd2 Qc5+ 30. Kf1 f5 31. c4 Nd7 32. Qe3 Qc7 33. Qe7 Qd8
34. Qxd8+ Rxd8 35. Nb3 Kf8 36. Nd4 Nb8 37. Ke2 Re8+ 38. Kd2 Rc8 39. Kd3 Rc7 40.
Nb5 Rd7 41. Nd4 Rc7 42. Re2 Rd7 43. Kc3 Re7 44. Rxe7 Kxe7 45. Kb4 Kd7 46. a3
Na6+ 47. Kc3 Nc5 48. Nb3 Na6 49. a4 Nc7 50. Kd4 Kd6 51. a5 Na6 52. axb6 axb6
53. Nc1 Nb4 54. Kc3 Na6 55. Kd4 Nb4 56. Kc3 Na6 57. Nd3 Nb8 58. Kb4 Nd7 59. Kb5
Kc7 60. f4 Kd6 61. Ne5 Nxe5 62. fxe5+ Kc7 63. e6 fxe6 64. dxe6 f4 65. e7 Kd7
66. Kxb6 h4 67. h3 Kxe7 68. c5 g5 69. c6 g4 70. c7 1-0

[Event "GBR-ch72"]
[Site "Edinburgh"]
[Date "1985.07.30"]
[Round "2.25"]
[White "Morrison, Robert"]
[Black "Emms, John"]
[Result "0-1"]
[WhiteElo "2370"]
[BlackElo "2245"]
[PlyCount "116"]
[EventDate "1985.07.29"]
[EventType "swiss"]
[EventRounds "11"]
[EventCountry "GBR"]
[SourceTitle "BritBase"]
[Source "John Saunders"]
[SourceDate "2020.09.07"]
[SourceVersion "1"]
[SourceVersionDate "2020.09.07"]
[SourceQuality "2"]

1. e4 g6 2. d4 Bg7 3. Nf3 d6 4. Nc3 Nf6 5. Be2 O-O 6. O-O Bg4 7. Be3 Nc6 8. Qd2
e5 9. dxe5 dxe5 10. Rad1 Qc8 11. Qc1 Rd8 12. Rxd8+ Qxd8 13. Rd1 Qf8 14. h3 Bxf3
15. Bxf3 h5 16. Nb5 Rc8 17. c3 Kh7 18. g4 Qe7 19. Qc2 Qe6 20. Qb3 Qxb3 21. axb3
a6 22. Na3 hxg4 23. hxg4 Rd8 24. Rxd8 Nxd8 25. Nc4 Nc6 26. b4 Nd7 27. g5 Nf8
28. Bg4 Ne6 29. Kg2 Bf8 30. Kg3 Be7 31. Kh4 Kg8 32. Be2 Kf8 33. Kg4 Ke8 34. Nd2
b5 35. Bd1 Kd7 36. Nb3 Bf8 37. Nc1 Bd6 38. Nd3 a5 39. Nc5+ Bxc5 40. bxc5 b4 41.
Ba4 bxc3 42. bxc3 Ned8 43. f4 exf4 44. Bd4 Kc8 45. Bf6 Kb7 46. Bb3 Ne6 47. Kf3
Nb8 48. Bd5+ c6 49. Bxe6 fxe6 50. Kxf4 Nd7 51. c4 a4 52. Bb2 Nxc5 53. Ba3 Nd7
54. Ke3 Ne5 55. Kd4 Nf3+ 56. Kc5 Nxg5 57. Kd6 Nxe4+ 58. Kxe6 Nd2 0-1

[Event "GBR-ch72"]
[Site "Edinburgh"]
[Date "1985.07.30"]
[Round "2.26"]
[White "Mooney, David P"]
[Black "Bellin, Robert"]
[Result "1-0"]
[WhiteElo "2245"]
[BlackElo "2395"]
[PlyCount "54"]
[EventDate "1985.07.29"]
[EventType "swiss"]
[EventRounds "11"]
[EventCountry "GBR"]
[SourceTitle "BritBase"]
[Source "John Saunders"]
[SourceDate "2020.09.07"]
[SourceVersion "1"]
[SourceVersionDate "2020.09.07"]
[SourceQuality "2"]

1. e4 c5 2. Nf3 d6 3. Bb5+ Nd7 4. d4 Ngf6 5. O-O cxd4 6. Qxd4 a6 7. Bxd7+ Bxd7
8. Bg5 h6 9. Bxf6 gxf6 10. Nc3 Rc8 11. Nd5 Bb5 12. Rfe1 Rc4 13. Qd2 h5 14. b3
Bh6 15. Qd1 Rc5 16. c4 Bd7 17. Qd4 Rg8 18. Nh4 Rg4 19. g3 Bg7 20. Qd3 f5 21.
Nxf5 Bxa1 22. Rxa1 Bxf5 23. exf5 b5 24. Qe3 Kd7 25. h3 Rg8 26. Rd1 Rh8 27. cxb5
Re8 1-0

[Event "GBR-ch72"]
[Site "Edinburgh"]
[Date "1985.07.30"]
[Round "2.27"]
[White "Hindle, Owen M"]
[Black "Jackson, Oliver A"]
[Result "1-0"]
[WhiteElo "2380"]
[BlackElo "2230"]
[PlyCount "69"]
[EventDate "1985.07.29"]
[EventType "swiss"]
[EventRounds "11"]
[EventCountry "GBR"]
[SourceTitle "BritBase"]
[Source "John Saunders"]
[SourceDate "2020.09.07"]
[SourceVersion "1"]
[SourceVersionDate "2020.09.07"]
[SourceQuality "2"]

1. e4 c5 2. Nf3 e6 3. d4 cxd4 4. Nxd4 a6 5. Nc3 Qc7 6. Bd3 Nf6 7. O-O b5 8. Re1
b4 9. Nd5 exd5 10. exd5+ Kd8 11. Bg5 Bc5 12. Nf5 h6 13. d6 Bxd6 14. Bxf6+ gxf6
15. Qg4 Qc5 16. Qg7 Rf8 17. Be4 Nc6 18. Rad1 Kc7 19. Nxd6 Rd8 20. Qxf6 Bb7 21.
Rd5 Qb6 22. Qf4 Kb8 23. Nxf7+ Ka7 24. Nxd8 Rxd8 25. Rd6 h5 26. Red1 Qc7 27. g3
Nb8 28. Bxb7 Qxb7 29. Qd4+ Ka8 30. Qd5 Rc8 31. Qxb7+ Kxb7 32. R1d2 h4 33. gxh4
Rh8 34. R6d4 a5 35. Kg2 1-0

[Event "GBR-ch72"]
[Site "Edinburgh"]
[Date "1985.07.30"]
[Round "2.28"]
[White "Bradbury, Neil H"]
[Black "Wiley, Tom E"]
[Result "0-1"]
[WhiteElo "2335"]
[BlackElo "2225"]
[PlyCount "72"]
[EventDate "1985.07.29"]
[EventType "swiss"]
[EventRounds "11"]
[EventCountry "GBR"]
[SourceTitle "BritBase"]
[Source "John Saunders"]
[SourceDate "2020.09.07"]
[SourceVersion "1"]
[SourceVersionDate "2020.09.07"]
[SourceQuality "2"]

1. d4 e6 2. Nf3 f5 3. g3 Nf6 4. Bg2 Be7 5. O-O O-O 6. c4 d6 7. b3 a5 8. Bb2 Ne4
9. Nbd2 Nxd2 10. Qxd2 Qe8 11. a4 c6 12. Bc3 Bd8 13. Qc2 Nd7 14. e4 f4 15. e5
dxe5 16. Nxe5 Nxe5 17. dxe5 f3 18. Bh1 c5 19. Qe4 Bd7 20. Qe3 Bc6 21. Qxc5 Be7
22. Qe3 Qh5 23. Rfd1 Rf5 24. Rd3 Raf8 25. Qe1 Bc5 26. Rad1 Bb6 27. Rd6 Qg4 28.
Rxe6 Rh5 29. Rxc6 bxc6 30. Rd3 Qh3 31. Bxf3 Qxh2+ 32. Kf1 Rhf5 33. Ke2 Rxf3 34.
Rxf3 Qh5 35. g4 Qxg4 36. Qh1 Qe4+ 0-1

[Event "GBR-ch72"]
[Site "Edinburgh"]
[Date "1985.07.30"]
[Round "2.29"]
[White "Pigott, John C"]
[Black "Morrison, Chris"]
[Result "1-0"]
[WhiteElo "2330"]
[BlackElo "2205"]
[PlyCount "65"]
[EventDate "1985.07.29"]
[EventType "swiss"]
[EventRounds "11"]
[EventCountry "GBR"]
[SourceTitle "BritBase"]
[Source "John Saunders"]
[SourceDate "2020.09.07"]
[SourceVersion "1"]
[SourceVersionDate "2020.09.07"]
[SourceQuality "2"]

1. d4 Nf6 2. Nf3 d6 3. Nc3 Nbd7 4. e4 e5 5. Bc4 Be7 6. O-O O-O 7. Qe2 c6 8. Rd1
Qe8 9. a4 a5 10. h3 Bd8 11. Be3 Qe7 12. Ba2 Bc7 13. Rd2 h6 14. Nh4 d5 15. exd5
Nxd5 16. Nf5 Qf6 17. Bxd5 Qxf5 18. Be4 Qe6 19. d5 cxd5 20. Nxd5 Bd8 21. Rad1
Kh8 22. Nc3 Be7 23. Nb5 Bd8 24. Rd6 Qe7 25. Bxb7 Nb6 26. Bxa8 Nxa8 27. Qd2 Bc7
28. Nxc7 Nxc7 29. Rd8 Ne6 30. Rxf8+ Qxf8 31. Qxa5 e4 32. Qe5 f6 33. Qxe4 1-0

[Event "GBR-ch72"]
[Site "Edinburgh"]
[Date "1985.07.30"]
[Round "2.30"]
[White "Jackson, Sheila"]
[Black "Lane, Gary William"]
[Result "1/2-1/2"]
[WhiteElo "2225"]
[BlackElo "2330"]
[PlyCount "125"]
[EventDate "1985.07.29"]
[EventType "swiss"]
[EventRounds "11"]
[EventCountry "GBR"]
[SourceTitle "BritBase"]
[Source "John Saunders"]
[SourceDate "2020.09.07"]
[SourceVersion "1"]
[SourceVersionDate "2020.09.07"]
[SourceQuality "2"]

1. e4 e5 2. Nf3 Nc6 3. Bb5 a6 4. Ba4 Nf6 5. O-O Be7 6. Re1 b5 7. Bb3 d6 8. c3
O-O 9. h3 Bb7 10. d4 Re8 11. a4 h6 12. Na3 Bf8 13. d5 Nb8 14. Nc2 Nbd7 15. axb5
axb5 16. Rxa8 Bxa8 17. Nb4 Nc5 18. Bc2 g6 19. Qe2 Qd7 20. Nh2 Kh8 21. Ng4 Ng8
22. Ne3 Bb7 23. g4 Ne7 24. f3 Bg7 25. Qf2 Na6 26. Nxa6 Bxa6 27. Bd3 c6 28. dxc6
Qxc6 29. Nc2 Bc8 30. Na3 Ba6 31. Qe2 Rb8 32. Nc2 Bc8 33. Nb4 Qd7 34. Be3 f5 35.
Ra1 d5 36. Ra7 Rb7 37. Rxb7 Qxb7 38. exf5 e4 39. fxe4 dxe4 40. Bxb5 gxf5 41.
Ba6 Qc7 42. Bf2 Be6 43. Qe3 Ng6 44. gxf5 Bxf5 45. Bf1 Qd6 46. Nc2 Ne5 47. Nd4
Bh7 48. Bg2 Qg6 49. b4 Bf6 50. Qf4 Nc4 51. Qb8+ Bg8 52. Qf4 e3 53. Be1 Bg5 54.
Qf5 Qa6 55. Kh2 Bf6 56. Qe4 Qa1 57. Qg6 Bg7 58. Nf5 Be5+ 59. Bg3 Qxc3 60. Qxh6+
Bh7 61. Qf8+ Bg8 62. Qh6+ Bh7 63. Qf8+ 1/2-1/2

[Event "GBR-ch72"]
[Site "Edinburgh"]
[Date "1985.07.30"]
[Round "2.31"]
[White "Waddingham, Graham A"]
[Black "Carr, Neil L"]
[Result "1-0"]
[WhiteElo "2264"]
[BlackElo "2315"]
[PlyCount "65"]
[EventDate "1985.07.29"]
[EventType "swiss"]
[EventRounds "11"]
[EventCountry "GBR"]
[SourceTitle "BritBase"]
[Source "John Saunders"]
[SourceDate "2020.09.07"]
[SourceVersion "1"]
[SourceVersionDate "2020.09.07"]
[SourceQuality "2"]

1. e4 d6 2. d4 Nf6 3. Nc3 g6 4. Be3 Bg7 5. Qd2 Nc6 6. Nf3 Ng4 7. Bg5 h6 8. Bh4
a6 9. h3 Nf6 10. Bd3 g5 11. Bg3 Nh5 12. Bh2 e5 13. dxe5 dxe5 14. Nd5 Nf4 15.
Bxf4 exf4 16. O-O-O Be6 17. h4 Bxd5 18. exd5 Qf6 19. Rhe1+ Ne7 20. Qb4 O-O-O
21. Rxe7 Bf8 22. d6 Bxe7 23. dxe7 Rd6 24. Qc5 gxh4 25. Qe5 Re6 26. Qxf6 Rxf6
27. Nxh4 Kd7 28. Nf5 Rxf5 29. Bxf5+ Kxe7 30. Rd7+ Kf6 31. Be4 Re8 32. Bf3 Re1+
33. Rd1 1-0

[Event "GBR-ch72"]
[Site "Edinburgh"]
[Date "1985.07.30"]
[Round "2.32"]
[White "Gregory, Stephen J"]
[Black "West, Guy"]
[Result "0-1"]
[WhiteElo "2152"]
[BlackElo "2310"]
[PlyCount "76"]
[EventDate "1985.07.29"]
[EventType "swiss"]
[EventRounds "11"]
[EventCountry "GBR"]
[SourceTitle "BritBase"]
[Source "John Saunders"]
[SourceDate "2020.09.07"]
[SourceVersion "1"]
[SourceVersionDate "2020.09.07"]
[SourceQuality "2"]

1. e4 c5 2. Nf3 d6 3. d4 cxd4 4. Qxd4 a6 5. c4 Nc6 6. Qd1 g6 7. Nc3 Bg7 8. Bd2
Nf6 9. h3 O-O 10. Be2 e6 11. Bg5 h6 12. Bh4 Qc7 13. O-O Nh5 14. Rc1 g5 15. Nh2
Bxc3 16. Bxh5 Bxb2 17. Bg3 e5 18. Rc2 Bd4 19. h4 Bc5 20. Ng4 Kg7 21. Ne3 Nd4
22. Rd2 Be6 23. Kh2 Qe7 24. hxg5 hxg5 25. Rh1 Rh8 26. Kg1 Rh7 27. Bg4 Rxh1+ 28.
Kxh1 Rh8+ 29. Kg1 Qf6 30. Bxe6 fxe6 31. Ng4 Qg6 32. Qb1 Qh5 33. Qxb7+ Kg6 34.
Nh2 Ne2+ 35. Rxe2 Qxe2 36. Qxa6 Rf8 37. Nf3 Qd1+ 38. Kh2 Rh8+ 0-1